Dallas Mavericks leading scorer each game (2024-2025 season) - Statistics

General Stats
  • This quiz has been taken 27 times
  • The average score is 7 of 13
Answer Stats
# of games Player % Correct
24 Kyrie Irving
100%
15 Luka Doncic
100%
4 Anthony Davis
84%
6 Klay Thompson
72%
4 Daniel Gafford
68%
5 PJ Washington
60%
3 Brandon Williams
40%
8 Naji Marshall
40%
3 Jaden Hardy
36%
4 Spencer Dinwiddie
36%
4 Quentin Grimes
32%
1 Dante Exum
24%
1 Kai Jones
20%
No matching quizzes found
Score Distribution
Percent of People with Each Score
Percentile by Number Answered
Your Score History
You have not taken this quiz